| 000 | 01942nam a2200325 c 4500 | ||
|---|---|---|---|
| 003 | BLK | ||
| 005 | 20240425162359.0 | ||
| 008 | 180409b bul|||||r ||||||| ||bul|| | ||
| 010 | _aKNG00125592000 | ||
| 040 | _aBLK | ||
| 041 |
_aBUL _cBUL |
||
| 080 |
_aБългарска литература _b821.163.2 _x-2(075.8) _z821.163.2-2(075.8) |
||
| 080 |
_aЛитература на отделни езици и езикови семейства _b821 _x-2(075.8) _z821-2(075.8) |
||
| 139 |
_aХудожествено слово _bХ 93 |
||
| 245 | 1 | 0 |
_aХудожествено слово _bХристоматия за студентите от ВИТИЗ Кр. Сарафов : Ч. 1 - _cсъстав. на том Божидар Матанов. _nЧ. 2 _pМонолози от пиеси |
| 257 | _aBGR | ||
| 260 |
_aСофия _bНаука и изкуство _c1975 - _fВ. Търново : Д. Найденов _fЗа том: В. Търново : Д. Найденов |
||
| 300 | _c22 см | ||
| 380 | _aX | ||
| 653 | _aпиеси | ||
| 653 | _aхристоматии | ||
| 700 | 1 |
_aМатанов, Божидар _eсъстав. на том _9316420 |
|
| 760 | 1 |
_d1982 _h431 с. _n2 086 тир. - Именен показалец. _tЧ. 2 Монолози от пиеси |
|
| 852 | _aЦб 78385 | ||
| 856 | 4 |
_qpdf _uhttp://185.138.176.146:18082/cgi-bin/koha/opac-retrieve-file.pl?id=88ee5cc9634e0af7eddb6dfe043bec6b _fХудожествено слово Христоматия за студентите от ВИТИЗ Кр. Сарафов : Ч. 2 Монолози от пиеси _linternal use only _xebook _zХудожествено слово Христоматия за студентите от ВИТИЗ Кр. Сарафов : Ч. 2 Монолози от пиеси |
|
| 942 |
_cKNG _n0 _014 |
||
| 944 |
_aCR _c09.09.2011 _lМира Стойчева _k30532 |
||
| 944 |
_aED _c21.10.2011 _lф / 09.09.2011 |
||
| 999 |
_c119976 _d119976 |
||
| 999 | _d119976 | ||